Les 100 plus grandes villes de l'Île-de-France sur une carte - Statistiques

Statistiques générales
  • Ce quiz a été pris 828 fois
  • Le résultat moyen est 57 sur 100
Réponses sur la Carte
Les réponses sont colorées sur une échelle allant du rouge au vert en fonction du pourcentage des utilisateurs qui les ont devinées à leur premier essai. Vous pouvez retrouver ces pourcentages ci-dessous.
 
Statistiques - réponses
Population Département Ville % Correct
2 113 705 75 Paris
99%
83 918 78 Versailles
95%
148 907 93 Saint-Denis
95%
92 859 94 Créteil
90%
66 700 91 Évry-Courcouronnes
90%
120 205 92 Boulogne-Billancourt
90%
98 119 92 Nanterre
88%
69 578 95 Cergy
87%
107 135 95 Argenteuil
85%
110 758 93 Montreuil
84%
43 685 77 Melun
83%
64 526 94 Ivry-sur-Seine
82%
38 799 93 Neuilly-sur-Marne
81%
59 200 92 Neuilly-sur-Seine
81%
89 489 93 Aubervilliers
79%
55 270 93 Bobigny
79%
56 659 77 Meaux
76%
67 695 92 Issy-les-Moulineaux
75%
68 412 92 Levallois-Perret
75%
95 282 94 Vitry-sur-Seine
74%
65 102 92 Clichy
73%
90 692 92 Colombes
73%
64 026 92 Antony
73%
91 457 92 Asnières-sur-Seine
72%
58 576 95 Sarcelles
72%
48 368 94 Vincennes
72%
86 360 93 Aulnay-sous-Bois
71%
31 623 95 Pontoise
71%
44 246 78 Mantes-la-Jolie
71%
60 954 93 Pantin
70%
80 842 92 Rueil-Malmaison
70%
53 041 93 Saint-Ouen-sur-Seine
69%
71 312 93 Drancy
67%
71 632 93 Noisy-le-Grand
66%
45 915 93 Noisy-le-Sec
66%
81 945 92 Courbevoie
65%
50 597 91 Massy
64%
76 010 94 Saint-Maur-des-Fossés
64%
45 286 78 Saint-Germain-en-Laye
64%
51 066 93 Bondy
63%
58 142 94 Villejuif
63%
78 367 94 Champigny-sur-Marne
62%
46 273 92 Montrouge
62%
44 198 92 Puteaux
61%
51 640 93 Sevran
61%
34 276 78 Trappes
59%
36 067 91 Palaiseau
59%
50 874 92 Gennevilliers
58%
56 882 92 Clamart
57%
53 712 91 Corbeil-Essonnes
57%
47 086 93 La Courneuve
57%
41 776 93 Bagnolet
55%
59 912 93 Le Blanc-Mesnil
55%
40 792 78 Poissy
55%
30 183 92 Malakoff
53%
54 372 77 Chelles
52%
52 646 94 Fontenay-sous-Bois
52%
48 932 92 Suresnes
52%
43 647 92 Bagneux
51%
45 569 94 Alfortville
50%
45 947 93 Rosny-sous-Bois
50%
46 122 94 Choisy-le-Roi
49%
53 564 93 Épinay-sur-Seine
49%
57 422 94 Maisons-Alfort
49%
46 722 92 Meudon
49%
32 998 94 Nogent-sur-Marne
48%
51 570 78 Sartrouville
47%
36 170 94 Villeneuve-Saint-Georges
47%
31 338 94 L'Haÿ-les-Roses
46%
42 388 95 Garges-lès-Gonesse
45%
38 210 93 Tremblay-en-France
44%
36 224 92 Châtillon
43%
39 647 93 Villepinte
43%
30 526 94 Cachan
42%
40 600 93 Stains
42%
35 314 93 Romainville
40%
30 630 77 Savigny-le-Temple
40%
37 775 91 Savigny-sur-Orge
40%
33 617 78 Houilles
39%
38 941 77 Pontault-Combault
37%
34 151 78 Les Mureaux
36%
46 507 93 Livry-Gargan
36%
40 790 93 Gagny
34%
31 971 78 Plaisir
34%
32 547 94 Villiers-sur-Marne
34%
32 006 94 Thiais
33%
34 314 95 Bezons
32%
35 490 92 Châtenay-Malabry
32%
31 112 91 Viry-Châtillon
32%
36 451 91 Athis-Mons
31%
36 306 78 Conflans-Sainte-Honorine
31%
38 024 95 Franconville
30%
32 150 78 Montigny-le-Bretonneux
30%
30 283 91 Ris-Orangis
29%
30 952 95 Goussainville
28%
34 654 94 Le Perreux-sur-Marne
25%
35 714 91 Sainte-Geneviève-des-Bois
23%
31 818 95 Herblay-sur-Seine
22%
31 064 78 Le Chesnay-Rocquencourt
22%
31 233 91 Vigneux-sur-Seine
16%
Aucun quiz correspondant
Distribution des résultats
% des personnes avec chaque résultat
Percentile par nombre de réponses
Votre historique - résultats
Vous n’avez pas pris ce quiz